Hindi Loanwords - Statistics

General Stats
  • This quiz has been taken 28 times
  • The average score is 15 of 25
Answer Stats
Definition Word % Correct
The currency of India and Nepal R Rupee
96%
A product used in cleaning hair S Shampoo
92%
A mentor, guide, expert, or master G Guru
88%
Land covered in dense forest, mostly tropical J Jungle
85%
The results of one's actions; cause and effect K Karma
85%
A king or kingdom R Raj
81%
A tropical storm that forms over the Eastern Pacific Ocean T Typhoon
81%
A narrow, lightweight bed used in camping or military C Cot
77%
The liberation from suffering; Afterlife N Nirvana
77%
A small house that is typically one-and-a-half storey B Bungalow
73%
A flowering plant whose root used as a spice and in medicine G Ginger
73%
A piece of cloth tied around the face, head, or neck B Bandana
65%
A sacred saying, common in meditation M Mantra
58%
A ring-shaped island that encircles a lagoon A Atoll
54%
The material appearance or incarnation of deity, passed down A Avatar
54%
The controlling of the body to attain liberation Y Yoga
54%
A drink containing fruit and/or fruit juice P Punch
50%
Wool from goats C Cashmere
46%
A small boat D Dinghy
46%
A kind of coffee J Java
46%
Clothing worn as nightwear P Pyjamas
46%
A geometric configuration of patterns M Mandala
31%
An Indian infantryman with a musket S Sepoy
23%
A type of rug or city in Pakistan M Multan
19%
A large deer native to India S Sambar
12%
No matching quizzes found
Score Distribution
Percent of People with Each Score
Percentile by Number Answered
Your Score History
You have not taken this quiz